| 000 | 01915nam a2200469Ii 4500 | ||
|---|---|---|---|
| 001 | DIGCOLMX0476 | ||
| 003 | NyNyDIG | ||
| 007 | cr ||||||||||| | ||
| 008 | 230620s2022 mx ob 000 0 spa d | ||
| 006 | m o d | ||
| 020 |
_a9786075643861 _qelectrónico |
||
| 020 |
_z9786075641669 _qimpreso |
||
| 035 | _a(OCoLC)1343120881 | ||
| 040 |
_aDGITA _beng _erda _epn _cDGITA |
||
| 043 |
_an-mx--- _an-us--- |
||
| 050 | 1 | 4 | _aF1235 ebook |
| 100 | 1 |
_aLoaeza, Soledad, _eauthor. |
|
| 245 | 1 | 0 |
_aA la sombra de la superpotencia : _btres presidentes mexicanos en la Guerra Fría, 1945-1958 / _cSoledad Loaeza. |
| 250 | _aPrimera edición electrónica. | ||
| 264 | 1 |
_aCiudad de México, México : _bEl Colegio de México, _c[2022] |
|
| 300 | _a1 online resource. | ||
| 336 |
_atext _btxt _2rdacontent |
||
| 337 |
_acomputer _bc _2rdamedia |
||
| 338 |
_aonline resource _bcr _2rdacarrier |
||
| 347 |
_atext file _2rdaft |
||
| 347 | _bEPUB | ||
| 504 | _aIncludes bibliographical references. | ||
| 588 | 0 | _aOnline resource; title from ePub title page (Digitalia, viewed June 20, 2023) | |
| 600 | 1 | 0 |
_aAlemán, Miguel, _d1905-1983. |
| 600 | 1 | 0 |
_aAvila Camacho, Manuel, _d1897-1955. |
| 600 | 1 | 0 |
_aRuiz Cortines, Adolfo, _d1890-1973. |
| 650 | 0 |
_aPresidents _zMexico _xHistory _y20th century. |
|
| 650 | 0 |
_aExecutive power _zMexico _xHistory _y20th century. |
|
| 651 | 0 |
_aMexico _xPolitics and government _y20th century. |
|
| 651 | 0 |
_aMexico _xForeign relations _zUnited States. |
|
| 791 | 2 |
_aDigitalia (Firm), _edistributor. |
|
| 793 | 0 |
_gDigitalia eBook Collection: _aEl Colegio de México |
|
| 776 | 0 | 8 |
_iPrint version: _aLoaeza, Soledad. _tA la sombra de la superpotencia. _bPrimera edición. _dCiudad de México, México : El Colegio de México, [2022] _z9786075641669 |
| 856 | 4 | 0 |
_3Digitalia Hispánica _uhttps://www.digitaliapublishing.com/a/125624/ |
| 910 | _aPremium collection: 2023 | ||
| 942 | _cRAA | ||
| 999 |
_c277491 _d277491 |
||